000 00508nam a2200145 a 4500
008 120416s1974 ||||||||||||||||| || u
020 _a0046200029
050 _aTK 168 Bat
100 _aBates, Matthew
245 1 0 _aWorked examples in engineering in SI units
260 _aLondon
_bGeorge Allen & Unwin
_c1974
300 _a3v. : ill
350 _a0.00
995 _D0.00
_FCBU-MAIN LIBRARY (Kitwe)
_H1
_I1.95
_UAVAILABLE
_ZMain Library Open Access Collection
999 _c61937
_d61937